ENVIRONMENTAL LAW IN INDIA (Record no. 23345)

MARC details
000 -LEADER
fixed length control field 00308nam a22001337a 4500
020 ## - INTERNATIONAL STANDARD BOOK NUMBER
International Standard Book Number 9789391211509
082 ## - DEWEY DECIMAL CLASSIFICATION NUMBER
Classification number 344.046
Item number LEE
100 ## - MAIN ENTRY--PERSONAL NAME
Personal name LEELAKRISHNAN , P
245 ## - TITLE STATEMENT
Title ENVIRONMENTAL LAW IN INDIA
250 ## - EDITION STATEMENT
Edition statement 6
260 ## - PUBLICATION, DISTRIBUTION, ETC. (IMPRINT)
Place of publication, distribution, etc GURUGRAM
Name of publisher, distributor, etc LEXIS NEXIS
Year of Publication 2022
300 ## - PAGE DESCRIPTION
No. of Pages XLI , 373
942 ## - ADDED ENTRY ELEMENTS (KOHA)
Source of classification or shelving scheme Dewey Decimal Classification
Koha item type Books
942 ## - ADDED ENTRY ELEMENTS (KOHA)
-- 4
Holdings
Withdrawn status Lost status Source of classification or shelving scheme Damaged status Not for loan Collection code Home library Current library Shelving location Date acquired Vendor Name Cost, normal purchase price SGTU Bill Number Full call number Accession No. (Barcode) Date last seen Bill Date Koha item type Total Checkouts Checked out Date last borrowed
    Dewey Decimal Classification   Not For Loan LAW SGT Science & Social Sciences Library SGT Science & Social Sciences Library Reference Book 21/09/2022 COMMERCIAL BOOK HOUSE 595.00 SGTU 1331 344.046 LEE FL2909 21/09/2022 08/09/2022 Books      
    Dewey Decimal Classification     LAW SGT Science & Social Sciences Library SGT Science & Social Sciences Library Text Book 21/09/2022 COMMERCIAL BOOK HOUSE 595.00 SGTU 1331 344.046 LEE FL2910 23/05/2026 08/09/2022 Books 6 06/06/2026 23/05/2026